Восстание декабристов. Т. 23: Материалы об имущественном положении декабристов (Запись № 11074519)
[ простой вид ]
| 000 -МАРКЕР | |
|---|---|
| контрольное поле | 01351nam2a2200265 4500 |
| 001 - ИДЕНТИФИКАТОР ЗАПИСИ | |
| контрольное поле | RU\NLR\BIBL_A\011320389 |
| 005 - ИДЕНТИФИКАТОР ВЕРСИИ | |
| контрольное поле | 20260406155610.0 |
| 010 ## - МЕЖДУНАРОДНЫЙ СТАНДАРТНЫЙ НОМЕР КНИГИ (ISBN) | |
| Номер (ISBN) | 978-5-8243-2058-9 |
| Уточнения | т. 23 |
| Тираж | 700 |
| 021 ## - НОМЕР ГОСУДАРСТВЕННОЙ РЕГИСТРАЦИИ | |
| Код страны | Российская Федерация |
| Номер | 2016-102996 |
| Номер Листа государственной регистраци | 6866 |
| 035 ## - ДРУГИЕ СИСТЕМНЫЕ НОМЕРА | |
| Идентификатор записи | (NLR Aleph) 011320389 |
| 100 ## - ДАННЫЕ ОБЩЕЙ ОБРАБОТКИ | |
| Данные общей обработки | 20170203d2016 k y0rusy50 ca |
| 101 0# - ЯЗЫК РЕСУРСА | |
| Язык текста, звукозаписи и т.д. | русский |
| 102 ## - СТРАНА ПУБЛИКАЦИИ ИЛИ ПРОИЗВОДСТВА | |
| Страна публикации | Российская Федерация |
| 105 ## - ПОЛЕ КОДИРОВАННЫХ ДАННЫХ: ТЕКСТОВЫЕ МАТЕРИАЛЫ, МОНОГРАФИЧЕСКИЕ | |
| Кодированные данные о монографическом текстовом документе | y z 001zd |
| 200 1# - ЗАГЛАВИЕ И СВЕДЕНИЯ ОБ ОТВЕТСТВЕННОСТИ | |
| Основное заглавие | Материалы об имущественном положении декабристов |
| Первые сведения об ответственности | [сост.: О.В. Эдельман] |
| Последующие сведения об ответственности | под ред. д.ист.н. С.В. Мироненко |
| 210 ## - ПУБЛИКАЦИЯ, РАСПРОСТРАНЕНИЕ И ДР. | |
| Дата издания, распространения и т.д. | 2016 |
| 215 ## - ФИЗИЧЕСКАЯ ХАРАКТЕРИСТИКА | |
| Специфическое обозначение материала и объем | 775 с. |
| 320 ## - ПРИМЕЧАНИЯ О НАЛИЧИИ В ДОКУМЕНТЕ БИБЛИОГРАФИИ / УКАЗАТЕЛЯ | |
| Текст примечания | Указ. имен: с. 749-767 |
| 320 ## - ПРИМЕЧАНИЯ О НАЛИЧИИ В ДОКУМЕНТЕ БИБЛИОГРАФИИ / УКАЗАТЕЛЯ | |
| Текст примечания | Геогр. указ.: с. 768-774 |
| 461 #0 - УРОВЕНЬ НАБОРА | |
| Встроенное поле | 001RU\NLR\bibl\254370 |
| -- | 2001#$aВосстание декабристов$eДок.$f[Рос. акад. наук, Ин-т рос. истории, Федерал. арх. служба России, Гос. арх. Рос. Федерации]$vТ. 23 |
| Системный номер (АБИС) связанной записи | 1459497 |
| Место публикации | М. |
| Дата публикации | 2001 |
| Первые сведения об ответственности | [Рос. акад. наук, Ин-т рос. истории, Федерал. арх. служба России, Гос. арх. Рос. Федерации] |
| Имя издателя, распространителя и т.д. | РОССПЭН |
| Сведения, относящиеся к заглавию | Док. |
| Заглавие | Восстание декабристов |
| Номер тома | Т. 23 |
| 942 ## - ДОПОЛНИТЕЛЬНЫЕ ЭЛЕМЕНТЫ ЗАПИСИ (АБИС) | |
| Тип экземпляра АБИС | Книга |
| 980 ## - КОЛЛЕКЦИЯ | |
| Название коллекции | Национальная библиография |
| Тип экземпляра | Дата поступления | Источник поступления | Библиотека постоянного хранения | Библиотека текущего хранения | Место хранения | Шифр хранения | Штрих-код | Статус экземпляра |
|---|---|---|---|---|---|---|---|---|
| Книга | 03.02.2017 | Обязательный экземпляр | РНБ (Садовая) | РНБ (Садовая) | Русский книжный фонд -Главное здание, Ленинский читальный зал | Ир30 Г-7/7 | 1-1700140 | |
| Книга | 03.02.2017 | Обязательный экземпляр | РНБ (Садовая) | РНБ (Садовая) | Русский книжный фонд -Главное здание, Ленинский читальный зал | Ир30 Г-7/7 | 1-1700141 | |
| Книга | 27.02.2017 | Контрольный экземпляр из типографии | РНБ (Садовая) | РНБ (Садовая) | Фонд рукописей, подсобный | ОРп Т3(2)4/В-778 | 1-1718197 | |
| Книга | 27.02.2017 | Контрольный экземпляр из типографии | РНБ (Садовая) | РНБ (Садовая) | Универсальный читальный зал | У Т3(2)472-4/В-778 | 1-1718196 |